01008nam a2200205 a 4500008004100000050002100041100001800062245020700080260006900287300001000356350000900366490003000375500003400405650003300439650004100472710005600513995009200569999001700661952012400678091201s1979 ||||||||||||||||| || u aUNZA-IAS(08)MPRR aJackman, M. E10aSchool leaver migration in Zambia: the geographical distribution and movements of participants in the 1971 and 1973 form v school leaver trace studiescBy M.E. Jackman, J.H. Case, P.S. Dow and C.P. Shaw aLusakabUniversity of Zambia Institute for African Studiesc1979 ai60p. a0.00 aManpower research reports aManpower research report no.2 aEDUCATION, SECONDARY--ZAMBIA aUNEMPLOYMENT--SCHOOL LEAVERS--ZAMBIA aUniversity of Zambia. Institute for African Studies D0.00FCBU-MAIN LIBRARY (Kitwe)H1I0.00M2UAVAILABLEWDec 1, 2009ZZambiana Collection c57055d57055 00102lcc4070a001b001cZambiana Collectiond2022-11-30l0oUNZA-IAS(08)MPRRpZ03004908r2022-11-30w2022-11-30y002